Famous Russians by Picture - Statistics

General Stats
  • This quiz has been taken 186 times
  • The average score is 9 of 16
Answer Stats
Picture Hint Answer % Correct
1952– Vladimir Putin
99%
1870–1924 Vladimir Lenin
94%
1931–2022 Mikhail Gorbachev
86%
1934–1968 Yuri Gagarin
86%
1729–1796 Catherine The Great
81%
1530–1584 Ivan the Terrible
81%
1672–1725 Peter the Great
71%
1821–1881 Fyodor Dostoevsky
62%
1976–2024 Alexei Navalny
51%
1987– Maria Sharapova
44%
1799–1837 Alexander Pushkin
43%
1981– Andrey Arshavin
37%
1834–1907 Dmitri Mendeleev
28%
1985– Alexander Ovechkin
25%
1932–1986 Andrei Tarkovsky
18%
1925–2015 Maya Plisetskaya
11%
No matching quizzes found
Score Distribution
Percent of People with Each Score
Percentile by Number Answered
Your Score History
You have not taken this quiz